000
00356nam a2200133Ia 4500
008
151001s9999||||xx |||||||||||||| ||und||
100
_a
लता बहिरट
245
_a
इट्स ओके
250
_a
1
260
_b
"निखील प्रकाशन, कोल्हापूर"
260
_c
2013
300
_a
264
365
_b
21
999
_c
999828
_d
999825